The Indian cabinet: a study in governance (Record no. 380428)

000 -LEADER
fixed length control field 00406cam a22001337a 4500
008 - FIXED-LENGTH DATA ELEMENTS--GENERAL INFORMATION
fixed length control field 180718b1996 xxu||||| |||| 00| 0 eng d
082 ## - DEWEY DECIMAL CLASSIFICATION NUMBER
Classification number I27x54 P191
100 ## - MAIN ENTRY--PERSONAL NAME
Personal name Panandiker, V.A. Pai
245 ## - TITLE STATEMENT
Title The Indian cabinet: a study in governance
Statement of responsibility, etc. by V.A. Pai Panandiker and Ajay K. Mehra
260 ## - PUBLICATION, DISTRIBUTION, ETC.
Place of publication, distribution, etc. New Delhi
Name of publisher, distributor, etc. Konark
Date of publication, distribution, etc. 1996
300 ## - PHYSICAL DESCRIPTION
Extent 300p.
650 ## - SUBJECT ADDED ENTRY--TOPICAL TERM
Topical term or geographic name entry element Cabinet system - India
700 ## - ADDED ENTRY--PERSONAL NAME
Personal name Mehra, Ajay K.
Holdings
Withdrawn status Lost status Damaged status Not for loan Permanent Location Current Location Date acquired Full call number Barcode Date last seen Price effective from Koha item type
        Indian Institute of Public Administration Indian Institute of Public Administration 1996-12-18 I27x54 P191 71399 2018-07-21 2018-07-21 Book

Powered by Koha